000 00543nam a22001577a 4500
003 OSt
005 20151117153941.0
008 151117b xxu||||| |||| 00| 0 eng d
040 _cRUA
082 _aFIS​ នូ 1992 B146 Or.1
100 _93815
_aនូ​ សុវណ្ណ
245 _aកន្លែងនេសាទបំរុងទុកក្នុង ខេត្តសៀមរាប​ និងខេត្តបាត់ដំបង,
260 _aPhnom Penh
_bRUA
_c1992
300 _a80p.
_bill.
_c29cm.
942 _2ddc
_cFIS
999 _c3548
_d3548